Gabriel Marcel y la metodología de lo inverificable / (Record no. 122510)

MARC details
000 -LEADER
campo de control de longitud fija 00522nam a2200181 4500
001 - NÚMERO DE CONTROL
campo de control 122510
003 - IDENTIFICADOR DE NÚMERO DE CONTROL
campo de control ES-MaACL
005 - FECHA Y HORA DE LA ÚLTIMA TRANSACCIÓN
campo de control 20240507215617.0
007 - CAMPO FIJO DE DESCRIPCIÓN FÍSICA--INFORMACIÓN GENERAL
campo de control de longitud fija t|
008 - DATOS DE LONGITUD FIJA--INFORMACIÓN GENERAL
campo de control de longitud fija 070214s1963 sp r ||||1| spa d
100 1# - ENTRADA PRINCIPAL--NOMBRE DE PERSONA
Nombre de persona Prini, Pietro.
9 (RLIN) 93984
245 10 - MENCIÓN DEL TÍTULO
Título Gabriel Marcel y la metodología de lo inverificable /
Mención de responsabilidad, etc. Pietro Prini.
260 ## - PUBLICACIÓN, DISTRIBUCIÓN, ETC.
Lugar de publicación, distribución, etc. Barcelona :
Nombre del editor, distribuidor, etc. Luis Miracle,
Fecha de publicación, distribución, etc. 1963.
300 ## - DESCRIPCIÓN FÍSICA
Extensión 168 p. ;
Dimensiones 23 cm.
600 14 - PUNTO DE ACCESO ADICIONAL DE MATERIA--NOMBRE DE PERSONA
Nombre de persona Marcel, Gabriel,
Fechas asociadas al nombre 1889-1973
9 (RLIN) 156691
852 ## - LOCALIZACIÓN
Ubicación ES-MaACL
Número de control de estantería C-23624
Holdings
Estatus retirado Estado de pérdida Estado de daño No para préstamo Biblioteca de origen Biblioteca actual Ubicación en estantería Fecha de adquisición Fuente de adquisición Total de préstamos Signatura topográfica completa Código de barras Visto por última vez Precio de reemplazo Tipo de ítem Koha
        Biblioteca del Ateneo de Madrid Biblioteca del Ateneo de Madrid Depósito 2 17/01/2008     C-23624 1127660 23/02/2023 23/02/2023 Libro impreso